000
00329nam a22001457a 4500
008
221108b ||||| |||| 00| 0 eng d
020
_a
0395298334
041
_a
eng
080
_2
SECOND EDITION
_a
610.73
082
_a
610.73 BIE
100
_a
5
101
_a
MJEK
245
_a
CHILD DEVELOPMENT
_c
BIEHLER R
942
_2
udc
_c
BK
999
_c
58780
_d
58780